=LDR 00000nam 2200000 4500 =001 INLIS000000000051426 =005 20170918072458 =035 ##$$a 0010-0917000230 =007 ta =008 170918###########################0###### =020 ##$$a 978-602-217-295-6 =082 ##$$a 635 =084 ##$$a 635 ZUL b =100 #$$a Zulkarnain, H =245 1#$$a Bididaya Sayuran Tropis /$c Zulkarnain, H =250 ##$$a cet.2 =260 ##$$a Jakarta :$b Bumi Aksara,$c 2016 =300 ##$$a xviii,219 hlm : $b ilus. ; $c 23 cm =500 ##$$a Biografi :Hlm. 219 =650 ##$$a Sayuran - Budidaya =504 ##$$a Bibliografi : Hlm. 213-218 =990 ##$$a 1125511255 =990 ##$$a 1125511255 =990 ##$$a 1125511255 =990 ##$$a 1125511255 =990 ##$$a 1125511255 =990 ##$$a 21702246 =990 ##$$a 01201711255 =990 ##$$a 01201711256 =990 ##$$a 01201711257 =990 ##$$a 01201711258 =990 ##$$a 21702247 =990 ##$$a 01201711255 =990 ##$$a 01201711256 =990 ##$$a 01201711257 =990 ##$$a 21702246 =990 ##$$a 21702248 =990 ##$$a 01201711255 =990 ##$$a 01201711256 =990 ##$$a 21702247 =990 ##$$a 21702246 =990 ##$$a 21702249 =990 ##$$a 01201711255 =990 ##$$a 21702248 =990 ##$$a 21702247 =990 ##$$a 21702246 =990 ##$$a 21702250 =990 ##$$a 21702249 =990 ##$$a 21702248 =990 ##$$a 21702247 =990 ##$$a 21702246